000 00977nam a2200253Ia 4500
003 OSt
005 20221005113159.0
006 a|||||r|||| 00| 0
007 ta
008 221004b |||||||| |||| 00| 0 pan d
020 _a9789387765603 (hbk)
_cINR 350.00
024 _a64901
037 _b1178, 22/01/2020, H.K. Prakashan
_cTextual
040 _aCRL
_cCRL
_bpan
041 _2pan
_apan
082 _aQ8441wI69, 153Q9
100 _aਮਿਨਹਾਸ, ਕੁਲਵਿੰਦਰ ਕੌਰ, ਂਚ.
_9624478
245 0 _aਆਰFੀ ਨੂਰ ਕ੍ਰਾਤੀਕਾਰੀ ਗੂਰੂ ਨਾਨਕ
260 _aਨੁਧਿਆਨਾ
_bਲਾਹੌਰ ਬੁੱਕ Fਾਪ ਭਾਰਤ
_c2019
300 _a275ਪ੍ਰ0
_ccm.
650 _aਸਿੱਖ ਧਰਮ
_9156314
942 _hQ8441wI69, 153Q9
_cTEXL
_2cc
999 _c1027316
_d1027316